| 000 | 00397nam a2200145Ia 4500 | ||
|---|---|---|---|
| 005 | 20240807062638.0 | ||
| 008 | 240806s9999||||xx |||||||||||||| ||eng|| | ||
| 041 | _aeng | ||
| 100 | _aDwivedi, Rameshwar Prasad | ||
| 245 | 0 |
_aMeri kavita : meri atmkatha / _cDwivedi, Rameshwar Prasad |
|
| 260 | _bKanti Kutir Prakashan, Gandhi Nagar, Pukhrawa | ||
| 300 | _a181p. | ||
| 650 | _aHindi | ||
| 942 | _cBK | ||
| 999 |
_c25236 _d25236 |
||